000 00486nam a22001817a 4500
008 150930b xxu||||| |||| 00| 0 eng d
020 _a0256028249
041 0 _aeng
080 _a005
100 1 _aAwad, Elias M.
245 1 0 _aSystems analysis and design /
_cElias M. Awad.
250 _a2nd ed.
260 _aHomewood, Ill. :
_bR.D. Irwin,
_c1985.
300 _axiv, 524 f. :
_bme il.;
_c25 cm.
650 0 _aAnaliza e sistemeve
650 0 _aDizajni i sistemeve
942 _2udc
_cBK
999 _c1200
_d1200